Artificial Evolution 7th International Conference, Evolution Artificielle, EA 2005, Lille, France, October 26-28, 2005, Revised Selected Papers /

Bibliographic Details
Corporate Author: SpringerLink (Online service)
Other Authors: Talbi, El-Ghazali (Editor), Liardet, Pierre (Editor), Collet, Pierre (Editor), Lutton, Evelyne (Editor), Schoenauer, Marc (Editor)
Format: Electronic eBook
Language:English
Published: Berlin, Heidelberg : Springer Berlin Heidelberg, 2006.
Series:Lecture Notes in Computer Science, 3871
Subjects:
Online Access:Full Text via HEAL-Link
LEADER 04308nam a22006015i 4500
001 978-3-540-33590-0
003 DE-He213
005 20151204170458.0
007 cr nn 008mamaa
008 100715s2006 gw | s |||| 0|eng d
020 |a 9783540335900  |9 978-3-540-33590-0 
024 7 |a 10.1007/11740698  |2 doi 
040 |d GrThAP 
050 4 |a QA75.5-76.95 
072 7 |a UYZG  |2 bicssc 
072 7 |a COM037000  |2 bisacsh 
082 0 4 |a 004.0151  |2 23 
245 1 0 |a Artificial Evolution  |h [electronic resource] :  |b 7th International Conference, Evolution Artificielle, EA 2005, Lille, France, October 26-28, 2005, Revised Selected Papers /  |c edited by El-Ghazali Talbi, Pierre Liardet, Pierre Collet, Evelyne Lutton, Marc Schoenauer. 
264 1 |a Berlin, Heidelberg :  |b Springer Berlin Heidelberg,  |c 2006. 
300 |a XI, 310 p.  |b online resource. 
336 |a text  |b txt  |2 rdacontent 
337 |a computer  |b c  |2 rdamedia 
338 |a online resource  |b cr  |2 rdacarrier 
347 |a text file  |b PDF  |2 rda 
490 1 |a Lecture Notes in Computer Science,  |x 0302-9743 ;  |v 3871 
505 0 |a Genetic Programming -- Santa Fe Trail Hazards -- Size Control with Maximum Homologous Crossover -- Machine Learning -- A New Classification-Rule Pruning Procedure for an Ant Colony Algorithm -- Swarm-Based Distributed Clustering in Peer-to-Peer Systems -- Simultaneous Optimization of Weights and Structure of an RBF Neural Network -- An Exponential Representation in the API Algorithm for Hidden Markov Models Training -- Applications -- Memetic Algorithms for the MinLA Problem -- Niching in Evolution Strategies and Its Application to Laser Pulse Shaping -- A Modified Genetic Algorithm for the Beam Angle Optimization Problem in Intensity-Modulated Radiotherapy Planning -- Combinatorial Optimization -- On a Property Analysis of Representations for Spanning Tree Problems -- A Cooperative Multilevel Tabu Search Algorithm for the Covering Design Problem -- Enhancements of NSGA II and Its Application to the Vehicle Routing Problem with Route Balancing -- The Importance of Scalability When Comparing Dynamic Weighted Aggregation and Pareto Front Techniques -- Co-evolution -- A Backbone-Based Co-evolutionary Heuristic for Partial MAX-SAT -- Analysing Co-evolution Among Artificial 3D Creatures -- Self-assembling -- A Critical View of the Evolutionary Design of Self-assembling Systems -- Algorithmic Self-assembly by Accretion and by Carving in MGS -- Evolutionary Design of a DDPD Model of Ligation -- Artificial Life and Bioinformatics -- Population Structure and Artificial Evolution -- Outlines of Artificial Life: A Brief History of Evolutionary Individual Based Models -- An Enhanced Genetic Algorithm for Protein Structure Prediction Using the 2D Hydrophobic-Polar Model -- Incorporating Knowledge of Secondary Structures in a L-System-Based Encoding for Protein Folding -- Advances -- The Electromagnetism Meta-heuristic Applied to the Resource-Constrained Project Scheduling Problem -- Applications of Racing Algorithms: An Industrial Perspective -- An Immunological Algorithm for Global Numerical Optimization -- Algorithms (X, sigma, eta): Quasi-random Mutations for Evolution Strategies. 
650 0 |a Computer science. 
650 0 |a Computers. 
650 0 |a Algorithms. 
650 0 |a Numerical analysis. 
650 0 |a Artificial intelligence. 
650 0 |a Pattern recognition. 
650 0 |a Evolutionary biology. 
650 1 4 |a Computer Science. 
650 2 4 |a Computation by Abstract Devices. 
650 2 4 |a Algorithm Analysis and Problem Complexity. 
650 2 4 |a Artificial Intelligence (incl. Robotics). 
650 2 4 |a Numeric Computing. 
650 2 4 |a Pattern Recognition. 
650 2 4 |a Evolutionary Biology. 
700 1 |a Talbi, El-Ghazali.  |e editor. 
700 1 |a Liardet, Pierre.  |e editor. 
700 1 |a Collet, Pierre.  |e editor. 
700 1 |a Lutton, Evelyne.  |e editor. 
700 1 |a Schoenauer, Marc.  |e editor. 
710 2 |a SpringerLink (Online service) 
773 0 |t Springer eBooks 
776 0 8 |i Printed edition:  |z 9783540335894 
830 0 |a Lecture Notes in Computer Science,  |x 0302-9743 ;  |v 3871 
856 4 0 |u http://dx.doi.org/10.1007/11740698  |z Full Text via HEAL-Link 
912 |a ZDB-2-SCS 
912 |a ZDB-2-LNC 
950 |a Computer Science (Springer-11645)